Inglés en casa (Registro nro. 11456)
[ vista simple ]
| 000 -LEADER | |
|---|---|
| fixed length control field | 00852nam a22002657a 4500 |
| 001 - CONTROL NUMBER | |
| control field | 000690 |
| 003 - CONTROL NUMBER IDENTIFIER | |
| control field | DO-SdBNP |
| 005 - DATE AND TIME OF LATEST TRANSACTION | |
| control field | 20160919145047.0 |
| 007 - PHYSICAL DESCRIPTION FIXED FIELD--GENERAL INFORMATION | |
| fixed length control field | 000690 |
| 008 - FIXED-LENGTH DATA ELEMENTS--GENERAL INFORMATION | |
| fixed length control field | 151217b 1972 sp a 00| 0 spa d |
| 040 ## - CATALOGING SOURCE | |
| Original cataloging agency | BPMSU |
| Language of cataloging | spa |
| Transcribing agency | BPMSU |
| 092 ## - LOCALLY ASSIGNED DEWEY CALL NUMBER (OCLC) | |
| Classification number | xxxxx |
| Item number | xxxxx |
| 100 1# - MAIN ENTRY--PERSONAL NAME | |
| Personal name | Hostench Ribe, Concepción |
| 245 10 - TITLE STATEMENT | |
| Title | Inglés en casa |
| Remainder of title | enseñanza programada / |
| Statement of responsibility, etc. | Concepción Hostench Ribe ; profesores de dicción Noel Martin, Thomas Burgess ; ilustración Carlos Vidal |
| 250 ## - EDITION STATEMENT | |
| Edition statement | 3a. ed. |
| 260 ## - PUBLICATION, DISTRIBUTION, ETC. (IMPRINT) | |
| Place of publication, distribution, etc. | Barcelona : |
| Name of publisher, distributor, etc. | Instituto Parramón, |
| Date of publication, distribution, etc. | 1972-1973. |
| 300 ## - PHYSICAL DESCRIPTION | |
| Extent | v. : |
| Other physical details | il. |
| Dimensions | 27 cm. |
| 500 ## - GENERAL NOTE | |
| General note | La biblioteca solamente posee los volúmenes 3, 4 y 12- |
| 700 12 - ADDED ENTRY--PERSONAL NAME | |
| Personal name | Martin, Noel |
| Relator term | prof. |
| 700 12 - ADDED ENTRY--PERSONAL NAME | |
| Personal name | Burgess, Thomas |
| Relator term | prof. |
| 700 12 - ADDED ENTRY--PERSONAL NAME | |
| Personal name | Vidal, Carlos |
| Relator term | il. |
| 910 ## - USER-OPTION DATA (OCLC) | |
| User-option data | 00260 |
| 942 ## - ADDED ENTRY ELEMENTS (KOHA) | |
| Source of classification or shelving scheme | Dewey Decimal Classification |
| Koha item type | Libros |
| 956 ## - LOCAL ELECTRONIC LOCATION AND ACCESS (OCLC) | |
| Host name | Yngrid Lockward |
| Access number | 10 |
| Withdrawn status | Lost status | Source of classification or shelving scheme | Damaged status | Not for loan | Collection code | Home library | Current library | Date acquired | Source of acquisition | Total Checkouts | Barcode | Date last seen | Copy number | Price effective from | Koha item type |
|---|---|---|---|---|---|---|---|---|---|---|---|---|---|---|---|
| Dewey Decimal Classification | Biblioteca Pública Metropolitana Salomé Ureña | Biblioteca Pública Metropolitana Salomé Ureña | 09/19/2016 | Sin sellar | BPMSU16090419 | 09/19/2016 | v. 3 | 09/19/2016 | Libros | ||||||
| Dewey Decimal Classification | Biblioteca Pública Metropolitana Salomé Ureña | Biblioteca Pública Metropolitana Salomé Ureña | 09/19/2016 | Sin sellar | BPMSU16090420 | 09/19/2016 | v. 4 | 09/19/2016 | Libros | ||||||
| Dewey Decimal Classification | Biblioteca Pública Metropolitana Salomé Ureña | Biblioteca Pública Metropolitana Salomé Ureña | 09/19/2016 | Sin sellar | BPMSU16090421 | 09/19/2016 | v. 12 | 09/19/2016 | Libros |